00649nam a2200169 a 4500008004100000020001500041050001800056245003200074246005700106250001200163260003200175300002000207350000900227995009200236999001700328952013400345120416s1969 ||||||||||||||||| || u a0442781679 aTK 7888.3 Bur10aDigital computer principles aBurroughs Corporation. Technical Training Department a2nd ed. aNew YorkbMcGraw-Hillc1969 aix,578p. : ill. a0.00 D0.00FCBU-MAIN LIBRARY (Kitwe)H1I4.70UAVAILABLEZMain Library Open Access Collection c40154d40154 00102lcc4070a001b001cMain Library Open Access Collectiond2022-11-30l0oTK 7888.3 Burp017086r2022-11-30w2022-11-30y002